Loading...
| Literature - World | 0 | 9 | 0 | 0 | 90 | 41 | 65.11 | 5 | 9 | 0.00 | 0.00 |
| Literature - British | 0 | 8 | 1 | 0 | 75 | 28 | 70.75 | 7 | 8 | 0.00 | 0.00 |
| Literature - American | 0 | 8 | 1 | 0 | 75 | 34 | 59.75 | 6 | 8 | 0.00 | 0.00 |
| Fine Arts - Painting and Sculpture | 0 | 7 | 0 | 0 | 70 | 68 | 80.71 | 4 | 7 | 0.00 | 0.00 |
| Literature - European | 0 | 7 | 2 | 1 | 60 | 56 | 81.43 | 5 | 7 | 0.00 | 0.00 |
| Religion | 0 | 5 | 0 | 0 | 50 | 44 | 70.20 | 4 | 5 | 0.00 | 0.00 |
| Fine Arts - Classical Music | 0 | 5 | 0 | 0 | 50 | 39 | 66.00 | 4 | 5 | 0.00 | 0.00 |
| Science - Chemistry | 0 | 4 | 0 | 1 | 40 | 10 | 63.75 | 2 | 4 | 0.00 | 0.00 |
| Philosophy | 0 | 4 | 1 | 0 | 35 | 72 | 88.25 | 4 | 4 | 0.00 | 0.00 |
| Science - Biology | 0 | 4 | 1 | 1 | 35 | 26 | 70.25 | 3 | 4 | 0.00 | 0.00 |
| Fine Arts - Other | 0 | 3 | 0 | 0 | 30 | 70 | 107.33 | 2 | 3 | 0.00 | 0.00 |
| History - Other | 0 | 2 | 0 | 0 | 20 | 76 | 86.50 | 2 | 2 | 0.00 | 0.00 |
| Science - Physics | 0 | 2 | 1 | 0 | 15 | 48 | 70.00 | 2 | 2 | 0.00 | 0.00 |
| Current Events | 0 | 1 | 0 | 0 | 10 | 33 | 33.00 | 0 | 1 | 0.00 | 0.00 |
| History - European | 0 | 1 | 0 | 0 | 10 | 56 | 56.00 | 1 | 1 | 0.00 | 0.00 |
| Other Academic | 0 | 1 | 0 | 1 | 10 | 118 | 118.00 | 0 | 1 | 0.00 | 0.00 |
| Science - Other | 0 | 2 | 2 | 0 | 10 | 68 | 75.00 | 2 | 2 | 0.00 | 0.00 |
| Social Science | 0 | 1 | 1 | 0 | 5 | 89 | 89.00 | 1 | 1 | 0.00 | 0.00 |